00383nam a2200145Ia 4500008004100000020002200041082001200063100001300075245003900088250001300127260002500140300001100165600003400176650002700210250827s9999 xx 000 0 und d a978-1-1197-7351-1 a530 WAL aHalliday 0aFundamentals of Physics Volume Two a12th ed. aUSbJhon Wileyc2022 a1444p. aHumanity & Natural Sciences  aEngineering Technology